LEADER 00911nam0 2200277 450 001 000036736 005 20241024122448.0 010 $a88-348-4096-8 100 $a20241024d1996----km-y0itay50------ba 101 0 $aIta 102 $aIT 105 $ay-------001yy 200 1 $aCasi di organizzazione e management$fa cura di Franco Fontana, Marco Lacchini, Bernardo Nicoletti 210 $aTorino$cGiappichelli$d1996 215 $a391 p.$d24 cm 410 0$12001 500 10$aCasi di organizzazione e management$9626958 676 $a658.4$v22$9GESTIONE IN GENERALE. QUADRI DIRIGENTI E INTERMEDI 702 1$aFontana,$bFranco 702 1$aLacchini,$bMarco 702 1$aNicoletti,$bBernardo 801 0$aIT$bUNIPARTHENOPE$c20241024$gRICA$2UNIMARC 912 $a000036736 951 $aDISAE 511/75$b4809 ex St.Az.$cNAVA2$d2024 996 $aCasi di organizzazione e management$9626958 997 $aUNIPARTHENOPE